LEADER 00584naa a2200145 i 4500 001 000000306411 003 CaOOAMICUS 005 20180831172856.0 008 180831n xx u000 u ger u 013 $a14868 040 $aSeMil$bita 100 1 $aStenger, Hermann .$0(OLS)http://semarc/name/20075 245 10$aDiese Last will getragen sein. Umgang mit kirchlichen Defiziten. 773 0 $tHimmel offen halten.$dInnsbruck ; Wien : Tyrolia, 2000.$z3-7022-2292-8$gp.138-148$w()109875 996 $6245$aDiese Last will getragen sein. Umgang mit kirchlichen Defiziten$9(OLS)http://semarc/title/381824 LEADER 01253nam a2200277 4500 001 000000331002 003 CaOOAMICUS 005 20181106105856.0 008 181031s2014 it 000 u ita r 020 $a978-88-514-1266-1 040 $aSeMil$bita 100 1 $aFausti, Silvano,$c.$0(OLS)http://semarc/name/3825 245 13$aLo stile di Gesù :$blectio sul Vangelo di Luca /$cSilvano Fausti. 264 1$aMilano :$bÀncora,$c2014. 300 $a142 p. ;$c21 cm 490 1 $aIn cammino 650 4$aBibbia. Nuovo Testamento. Vangelo secondo Luca - Lectio divina.$0(OLS)http://semarc/subject/47783 650 4$aBibbia. Nuovo Testamento. Vangelo secondo Luca - Commentari, studi, critica, interpretazioni.$0(OLS)http://semarc/subject/142 830 0$aIn cammino.$0(OLS)http://semarc/title/9144 850 $aSeMil 852 $aSeMil$W1$xVenegono$y1$m2V I 370$j269183$B223498$CSeMilBibl$Z2$F223498 $81 961 $aLascito don Giuseppe Prina 996 $6020$a978-88-514-1266-1$9(OLS)http://semarc/number/285504 996 $6245$aLo stile di Gesù :$blectio sul Vangelo di Luca$9(OLS)http://semarc/title/419642 996 $6264$aMilano :$bÀncora$9(OLS)http://semarc/publisher/29763